000 00468nam a2200181Ia 4500
001 11316
005 20260306162819.0
008 260306t2014||||xx |||||||||||||| ||spa||
041 _aESP
082 _a985.03
_bM43
100 _aMerluzzi, Manfredi
_eAUT
245 0 _aGobernando los Andes:
_bFrancisco de Toledo virrey del Perú (1569-1581)
260 _c2014
300 _a431 páginas :
_c24 cm.
650 _aGEN
654 _aCHU
942 _cLIB
_dJUS
_fJUS
_2ddc
_n
999 _c11316
_d11316